• 首页
  • 本馆介绍
  • 公告通知
  • 最新文献
  • 馆藏检索
  • 电子资源
  • 读者导购
  • 参考咨询
  • 我的图书馆
  • 登录
  • 详细信息显示
  • 放入我的书架
  • 预约/预借图书
  • 作者相关作品
  • 分类相关作品
  • 丛书相关作品
  • 出版社相关作品

书目信息

  • 表格格式
  • 工作单格式
  • 卡片格式
题名:
身体素质训练指导全书
    
 
作者: 南仲喜 , 王林 主编
分册:  
出版信息: 北京   北京体育大学出版社  2003
页数: 422页
开本: 20cm
丛书名:
单 册:
中图分类: G808.1
科图分类:
主题词: 运动训练
电子资源:
ISBN: 7-81051-910-7
000 00663nam0 2200217 45
001 0502280856
005 20050228080825.3
010    @a7-81051-910-7@dCNY28.00
100    @a20050228d2003 km y0chiy0120 ea
101 0  @achi
105    @a z 000yy
200 1  @a身体素质训练指导全书@AShen Ti Su Zhi Xun Lian Zhi Dao Quan Shu@f南仲喜,王林主编@FNan Zhong Xi,Wang Lin Zhu Bian
210    @a北京@c北京体育大学出版社@d2003
215    @a422页@d20cm
300    @a报考高等学校体育专业考生训练专用书
606 0  @a运动训练
690    @aG808.1@v4
701  0 @a南仲喜@4主编
701  0 @a王林@4主编
801    @aCN@bTSTCL@c20050228
905    @b343464-468@dG808.1@e136@f5
    
    身体素质训练指导全书/南仲喜,王林主编.-北京:北京体育大学出版社,2003
    422页;20cm
    报考高等学校体育专业考生训练专用书
    
    ISBN 7-81051-910-7:CNY28.00
    
●
相关链接 在E读中查询图书 在五车中查询图书 在当当中查询图书 在豆瓣中查询图书


正题名:身体素质训练指导全书     索取号:G808.1/136         预约/预借

序号 登录号 条形码 馆藏地/架位号 状态 备注
1 0343464   203434649   第一样本阅览室/ [索取号:G808.1/136] 在馆    
2 0343465   203434658   第四借阅区/ [索取号:G808.1/136] 在馆    
3 0343466   203434667   第四借阅区/ [索取号:G808.1/136] 在馆    
4 0343467   203434676   第四借阅区/ [索取号:G808.1/136] 在馆    
5 0343468   203434685   第四借阅区/ [索取号:G808.1/136] 在馆    
唐山师范学院图书馆 欢迎您!
大连网信软件有限公司© 版权所有